[Event "Frunze op"]
[Site "Frunze"]
[Date "1989.??.??"]
[Round "?"]
[White "Itkis, Boris"]
[Black "Ilinsky, Vladimir"]
[Result "1-0"]
[WhiteElo "2310"]
[BlackElo "2340"]

1.d4 Nf6 2.Nf3 e6 3.c4 Bb4+ 4.Bd2 Qe7 5.g3 Nc6 6.Bg2 Bxd2+ 7.Nbxd2 d6 8.Nf1 d5
9.a3 O-O 10.Ne3 Rd8 11.Qc2 a5 12.O-O a4 13.Rfd1 Qd6 14.Rac1 Bd7 15.Ng5 g6
16.Nh3 Rdc8 17.Nf4 Ne7 18.Qb1 c6 19.Nd3 b5 20.c5 Qc7 21.Nc2 Ne8 22.f3 f6
23.Rf1 Ng7 24.Rce1 Be8 25.Qc1 g5 26.e4 Bg6 27.Ncb4 h6 28.Nf2 Rf8 29.Ng4 h5
30.Nf2 dxe4 31.fxe4 Rad8 32.Rd1 Kh7 33.Nh3 Kg8 34.Qc3 Rc8 35.Rd2 g4 36.Nf2 f5
37.d5 cxd5 38.exd5 exd5 39.Nfd3 Kh7 40.Re2 Rfd8 41.Qf6 Ng8 42.Qa6 Bf7 43.Re5 h4
44.gxh4 d4 45.Qxb5 Be8 46.Qb7 Nf6 47.Qxc7 Rxc7 48.c6 Rd6 49.Rc1 Ne4 50.Rxf5 Nd2
51.Rd5 Rf6 52.Rxd4 Nb3 53.Nd5 Rfxc6 54.Nxc7 Nxc1 55.Bxc6 Ne2+ 56.Kf2  1-0

[Event "BL2-W8889"]
[Site "Germany"]
[Date "1989.??.??"]
[Round "?"]
[White "Rottstaedt, Werner"]
[Black "Horstmann, Michael"]
[Result "1/2-1/2"]
[WhiteElo "2265"]
[BlackElo "2240"]

1.d4 Nf6 2.Nf3 e6 3.c4 Bb4+ 4.Bd2 Qe7 5.a3 Bxd2+ 6.Qxd2 d6 7.Nc3 e5 8.dxe5 dxe5
9.e3 c6 10.Be2 O-O 11.Rd1 Bg4 12.Qd6 Qxd6 13.Rxd6 Nbd7 14.O-O e4 15.Nd4 Bxe2
16.Ndxe2 Ne5 17.b3 Rfd8 18.Rfd1 Rxd6 19.Rxd6 Ne8 20.Rd1 f5 21.h3 Nf6 22.Nd4 g6
23.f3 c5 24.Ne6 exf3 25.Nxc5 b6 26.Nd3 Nxd3 27.Rxd3 fxg2 28.Kxg2 Kf7 29.Kf3 Re8
30.Nb5 Re7 31.Rd8 Ne4 32.h4 h6 33.Nd6+ Nxd6 34.Rxd6 Re6 35.Rd7+ Re7 36.Rd8 Kf6
37.Rf8+ Rf7 38.Rh8 Kg7 39.Rc8 g5 40.hxg5 hxg5 41.c5 bxc5 42.Rxc5 Kg6 43.b4 Re7
44.Rc4 Kh5 45.a4 g4+ 46.Kf4 Kh4 47.Rc1 Re4+ 48.Kxf5 Rxb4 49.e4 Rb3 50.Rc7 Rf3+
51.Ke6 a5 52.e5 g3 53.Rh7+ Kg4 54.Rg7+ Kh3 55.Rh7+ Kg2 56.Kd7 Kf2 57.e6 Rd3+
58.Kc7 g2 59.Rf7+ Rf3 60.Rxf3+ Kxf3 61.e7 g1=Q 62.e8=Q  1/2-1/2

[Event "BL2-W8889"]
[Site "Germany"]
[Date "1989.??.??"]
[Round "?"]
[White "Meduna, Eduard"]
[Black "Schmittdiel, Eckhard"]
[Result "1/2-1/2"]
[WhiteElo "2485"]
[BlackElo "2425"]

1.d4 Nf6 2.c4 e6 3.Nf3 Bb4+ 4.Bd2 c5 5.g3 Qb6 6.Qb3 Nc6 7.Bxb4 Qxb4+ 8.Qxb4 Nxb4
9.Na3 b6 10.Bg2 Bb7 11.O-O a6 12.Rfd1 Ke7 13.Ne1 Bxg2 14.Kxg2 Rac8 15.dxc5 bxc5
16.Nac2 Nxc2 17.Nxc2 Rb8 18.b3 h5 19.f3 d6 20.Ne1 g5 21.Nd3 h4 22.g4 a5  1/2-1/2

[Event "BL2-N8889"]
[Site "Germany"]
[Date "1989.??.??"]
[Round "?"]
[White "Pritchett, Craig William"]
[Black "Ahmels, Volker"]
[Result "1/2-1/2"]
[WhiteElo "2375"]
[BlackElo "2275"]

1.d4 Nf6 2.Nf3 e6 3.c4 Bb4+ 4.Bd2 c5 5.Bxb4 cxb4 6.g3 b6 7.Bg2 Bb7 8.O-O O-O
9.a3 bxa3 10.Rxa3 d6 11.Nc3 Qe7 12.d5 e5 13.e4 a5 14.Nh4 g6 15.f4 Nbd7 16.f5 Rac8
17.b3 g5 18.Nf3 h6 19.Qd2 Kh7 20.Ne1 Nc5 21.Nd3 Qc7 22.Nb5 Qd7 23.Nxc5 Rxc5
24.Nc3 Rcc8 25.Qe3 Rb8 26.Bf3 Ba6 27.Be2 Qc7 28.Na4 Rfc8 29.Raa1  1/2-1/2

[Event "BL2-SW8889"]
[Site "Germany"]
[Date "1989.??.??"]
[Round "?"]
[White "Fecht, Hans Peter"]
[Black "Appel, Ralf"]
[Result "0-1"]
[WhiteElo "2260"]
[BlackElo "2320"]

1.d4 Nf6 2.c4 e6 3.Nf3 Bb4+ 4.Bd2 Qe7 5.Nc3 O-O 6.e3 d6 7.Be2 e5 8.O-O a5
9.a3 Bxc3 10.Bxc3 Nbd7 11.dxe5 dxe5 12.b4 a4 13.Qc2 e4 14.Nd2 b6 15.c5 Bb7
16.Bd4 bxc5 17.bxc5 Bc6 18.Rab1 Rfe8 19.Rb2 Qe6 20.Rfb1 Ne5 21.Bxe5 Qxe5
22.h3 Nd5 23.Bc4 Rad8 24.Nf1 g6 25.Rd1 Nc3 26.Rc1 Nd5 27.Rd1 Kg7 28.Rbb1 Nf6
29.Ba2 Rd3 30.Rxd3 exd3 31.Qxd3 Be4 32.Qc4 Bxb1 33.Qxf7+ Kh8 34.Bxb1 Nd5
35.f4 Qe6 36.Qxe6 Rxe6 37.Ba2 c6 38.Kf2 Re7 39.Kf3 Nc3 40.Bc4 Nb1 41.Ba2 Nxa3
42.Nd2 Nc2 43.Nc4 a3  0-1

[Event "URS-sf Russia-ch"]
[Site "Gorky"]
[Date "1989.??.??"]
[Round "?"]
[White "Kharitonov, Andrei Y"]
[Black "Khasin, Alexander"]
[Result "1-0"]
[WhiteElo "2505"]
[BlackElo "2445"]

1.d4 Nf6 2.c4 e6 3.Nf3 Bb4+ 4.Bd2 Qe7 5.g3 b6 6.Bg2 Bb7 7.O-O Bxd2 8.Qxd2 d6
9.Nc3 Ne4 10.Nxe4 Bxe4 11.Qf4 f5 12.Ng5 Bxg2 13.Kxg2 Nc6 14.d5 e5 15.Qh4 Nd8
16.e4 fxe4 17.f4  1-0

[Event "URS-sf Russia-ch"]
[Site "Gorky"]
[Date "1989.??.??"]
[Round "?"]
[White "Kharitonov, Andrei Y"]
[Black "Fokin, Sergey"]
[Result "1/2-1/2"]
[WhiteElo "2505"]
[BlackElo "2380"]

1.d4 Nf6 2.Nf3 e6 3.c4 Bb4+ 4.Bd2 c5 5.Bxb4 cxb4 6.e3 O-O 7.Bd3 d6 8.O-O Qe7
9.Nbd2 e5 10.Qc2 Nc6 11.Ne4 Ne8 12.Ng3 g6 13.Be4 Bd7 14.Qd2 a5 15.a3 bxa3
16.Rxa3 a4 17.Rfa1 Na5 18.Qb4 exd4 19.exd4 Nf6 20.Re3 Qd8 21.Nd2 Qc7 22.Bf3 Nc6
23.Bxc6 bxc6 24.Nge4 Ne8 25.Qc3 f5 26.Ng5 Qd8 27.Ne6 Bxe6 28.Rxe6 Nc7 29.Ree1 Qf6
30.Nf3 Ne6 31.Qd2 c5 32.dxc5  1/2-1/2

[Event "URS-sf Russia-ch"]
[Site "Gorky"]
[Date "1989.??.??"]
[Round "?"]
[White "Vyzmanavin, Alexey"]
[Black "Khasin, Alexander"]
[Result "1/2-1/2"]
[WhiteElo "2555"]
[BlackElo "2445"]

1.d4 Nf6 2.c4 e6 3.Nf3 Bb4+ 4.Bd2 Qe7 5.g3 Nc6 6.Nc3 Bxc3 7.Bxc3 Ne4 8.Rc1 O-O
9.Bg2 d6 10.d5 Nd8 11.O-O e5 12.Nd2 Nxc3 13.Rxc3 f5 14.c5 Nf7 15.cxd6 cxd6
16.Qb3 f4 17.Rfc1 Ng5 18.Rc7 Qf6 19.h4 Nf7 20.Ne4 Qg6 21.Re7 Nh6 22.Re6 Bxe6
23.dxe6 Kh8 24.Nxd6 fxg3 25.fxg3 Qf6 26.Ne4 Qe7 27.Bh3 Nf5 28.Ng5 Nd6 29.Qd3 e4
30.Qa3 Rae8 31.Rd1 h6 32.Qxd6 hxg5 33.Qe5 gxh4 34.Rd7 Qf6 35.Qxf6 Rxf6  1/2-1/2

[Event "Gothenburg"]
[Site "Gothenburg"]
[Date "1989.??.??"]
[Round "1"]
[White "Gdanski, Jacek"]
[Black "Zolnierowicz, Krzysztof"]
[Result "1/2-1/2"]
[WhiteElo "2410"]
[BlackElo "2405"]

1.d4 Nf6 2.Nf3 e6 3.c4 Bb4+ 4.Bd2 c5 5.Bxb4 cxb4 6.a3 bxa3 7.Rxa3 d6 8.g3 O-O
9.Bg2 Nc6 10.O-O e5 11.d5 Nb4 12.Nc3 a5 13.Na2 Nxa2 14.Rxa2 Bg4 15.Nd2 Nd7
16.Ne4 Qc7 17.b3 Nc5 18.Nxc5 Qxc5 19.Qd2  1/2-1/2

[Event "Groningen op"]
[Site "Groningen"]
[Date "1989.??.??"]
[Round "4"]
[White "Vladimirov, Evgeny"]
[Black "Inkiov, Ventzislav"]
[Result "1-0"]
[WhiteElo "2550"]
[BlackElo "2470"]

1.d4 Nf6 2.c4 e6 3.Nf3 Bb4+ 4.Bd2 Qe7 5.g3 O-O 6.Bg2 Bxd2+ 7.Qxd2 d6 8.Nc3 e5
9.O-O Re8 10.e4 Bg4 11.Ne1 Nc6 12.Nc2 exd4 13.Nd5 Qd8 14.f3 Bd7 15.Rac1 Ne5
16.Nxd4 c5 17.Nxf6+ Qxf6 18.Nb3 b5 19.Na5 bxc4 20.f4 Qh6 21.Rcd1 Nc6 22.Qxd6 Qxd6
23.Rxd6 Nxa5 24.Rxd7 a6 25.e5 Rab8 26.Bd5 Rf8 27.Rf2 g6 28.Re2 Kg7 29.e6 Rbd8
30.Rxd8 Rxd8 31.e7 Re8 32.g4  1-0

[Event "EU-chT"]
[Site "Haifa"]
[Date "1989.??.??"]
[Round "1"]
[White "Barlov, Dragan"]
[Black "Raaste, Eero J"]
[Result "1-0"]
[WhiteElo "2520"]
[BlackElo "2375"]

1.d4 Nf6 2.c4 e6 3.Nf3 Bb4+ 4.Bd2 Qe7 5.g3 O-O 6.Bg2 Nc6 7.O-O Bxd2 8.Nbxd2 d6
9.e4 e5 10.d5 Nb8 11.Qc2 a5 12.Qc3 Nh5 13.c5 Nd7 14.cxd6 cxd6 15.Rfc1 g6
16.Nc4 Nhf6 17.Nfd2 a4 18.Qb4 Ra6 19.Bf1 h5 20.Rc3 Nc5 21.Nb6 Ra7 22.Rac1 Nfd7
23.Ra3 Nxb6 24.Qxb6 Ra8 25.b4 Nd7 26.Qc7 Qg5 27.Re3 Nf6 28.Qxd6 Ng4 29.Nf3 Qh6
30.Rec3 h4 31.Nxh4 Re8 32.R1c2 Qf8  1-0

[Event "EU-chT"]
[Site "Haifa"]
[Date "1989.??.??"]
[Round "2"]
[White "Santos, Jose P"]
[Black "Izeta Txabarri, Felix"]
[Result "1-0"]
[WhiteElo "2370"]
[BlackElo "2340"]

1.d4 Nf6 2.Nf3 e6 3.c4 Bb4+ 4.Bd2 c5 5.g3 Bxd2+ 6.Nbxd2 cxd4 7.Nxd4 Qb6 8.N4b3 Qc6
9.f3 O-O 10.Bg2 Ng4 11.Qc1 Ne3 12.Kf2 Nxg2 13.Kxg2 e5 14.Rd1 d5 15.cxd5 Qxd5
16.Qc4 Qd7 17.Ne4 Qh3+ 18.Kg1 Nc6 19.Qc5 h6 20.Rd2 a5 21.Qb6 f5 22.Nf2 Qh5
23.Nc5 e4 24.Nxb7 Ne5 25.Rd8 Rxd8 26.Qxd8+ Kh7 27.Qc7 exf3 28.Qxe5 Bxb7 29.g4 Qg6
30.exf3 fxg4 31.fxg4 Qc6 32.Qg3 Rf8 33.g5 hxg5 34.Re1 Rf3 35.Qg4 Kg8 36.Qe6+ Qxe6
37.Rxe6 Kf7 38.Re5 g4 39.Nxg4 Rd3 40.Rxa5 Rd2 41.Rb5 Bd5 42.a3 Ke7 43.Ne3 Be6
44.Rb4 Re2 45.Ng4 Kd6 46.h3 Bd5 47.Kf1 Re8 48.Nf2 Bf3 49.Rb3 Rf8 50.Kg1 Ke5
51.Rb4 Bd5 52.Nd3+ Kd6 53.Rd4 Ke6 54.Nf4+ Ke5 55.Rxd5+ Kxf4 56.Rd3 Ke4 57.Rg3 Rc8
58.Rxg7 Kf3 59.Rg2  1-0

[Event "EU-chT"]
[Site "Haifa"]
[Date "1989.??.??"]
[Round "4"]
[White "Onat, Ilhan"]
[Black "Perdikis, C."]
[Result "1-0"]
[WhiteElo "2360"]
[BlackElo "2205"]

1.d4 Nf6 2.Nf3 e6 3.c4 Bb4+ 4.Bd2 Qe7 5.g3 Nc6 6.Bg2 Bxd2+ 7.Qxd2 d6 8.O-O a5
9.Nc3 e5 10.d5 Nb8 11.e4 Nbd7 12.Qc2 Nc5 13.b3 b6 14.a3 Bd7 15.b4 Nb7 16.Nd2 O-O
17.Qd3 g6 18.Rfc1 Nh5 19.Qe2 f5 20.exf5 Bxf5 21.Nde4 Rf7 22.Ra2 Raf8 23.Qe3 Bxe4
24.Qxe4 Qg5 25.Qe1 Nf6 26.Bh3 Ng4 27.Ne4 Qh5 28.Bxg4 Qxg4 29.c5 axb4 30.axb4 bxc5
31.bxc5 Nxc5 32.Nxc5 dxc5 33.Qxe5 Qf3 34.Rd2 Qa3 35.Qc3 Qb4 36.Rb2 Rf3 37.Qxb4 cxb4
38.Rxc7 b3 39.Rb7 Rd8 40.Kg2 Rd3 41.Re2 R3xd5 42.Ree7 b2 43.Rg7+ Kf8 44.Rxh7 Kg8
45.Rhg7+ Kf8 46.Rxg6 Rd2 47.Rgb6 b1=Q 48.Rxb1 Rc2  1-0

[Event "EU-chT"]
[Site "Haifa"]
[Date "1989.??.??"]
[Round "6"]
[White "Orr, Mark J L"]
[Black "Fauland, Alexander"]
[Result "1/2-1/2"]
[WhiteElo "2375"]
[BlackElo "2455"]

1.d4 Nf6 2.c4 e6 3.Nf3 Bb4+ 4.Bd2 c5 5.Bxb4 cxb4 6.a3 bxa3 7.Rxa3 O-O 8.Nc3 Nc6
9.e3 d6 10.Bd3 e5 11.O-O Bg4 12.Be2 Re8 13.h3 Bh5 14.Nxe5 dxe5 15.Bxh5 exd4
16.Nd5 Nxd5 17.cxd5 Qxd5 18.Bf3 Qd7 19.Bxc6  1/2-1/2

[Event "EU-chT"]
[Site "Haifa"]
[Date "1989.??.??"]
[Round "8"]
[White "Bellon Lopez, Juan Manuel"]
[Black "Schussler, Harry"]
[Result "1/2-1/2"]
[WhiteElo "2450"]
[BlackElo "2540"]

1.d4 Nf6 2.c4 e6 3.Nf3 Bb4+ 4.Bd2 c5 5.g3 Qb6 6.Bg2 Nc6 7.d5 exd5 8.cxd5 Nxd5
9.a3 Ba5 10.Bxa5 Qxa5+ 11.Nfd2 Nf6 12.Nc3 d5 13.Nb3 Qb6 14.Na4 Qb5 15.Nbxc5 O-O
16.Qd3 Qxd3 17.Nxd3 Bg4 18.h3 Bf5 19.O-O Nd4 20.Nb4 Nxe2+ 21.Kh2 b5 22.Nc5 Rac8
23.Nb7 Rc7 24.Nd6 Nd4 25.Rfd1 Rd8 26.Nxf5 Nxf5 27.Nxd5 Nxd5 28.Rxd5 Rxd5
29.Bxd5 Rc2 30.Kg1 Rxb2 31.Rc1 Ne7 32.Rc7 Kf8 33.Bg2 a5  1/2-1/2

[Event "Hamburg-ch"]
[Site "Hamburg"]
[Date "1989.??.??"]
[Round "?"]
[White "Dankert, Peter"]
[Black "Kunsztowicz, Uwe"]
[Result "1-0"]
[WhiteElo "2255"]
[BlackElo "2320"]

1.d4 Nf6 2.Nf3 e6 3.c4 Bb4+ 4.Bd2 Qe7 5.g3 Nc6 6.Bg2 Bxd2+ 7.Nbxd2 O-O 8.O-O d6
9.e4 e5 10.d5 Nd8 11.Ne1 a5 12.b3 b6 13.a3 Nb7 14.b4 Bd7 15.Nd3 Ra7 16.Qc2 axb4
17.axb4 Rfa8 18.Qc3 Qd8 19.Rxa7 Rxa7 20.Ra1 Qa8 21.Rxa7 Qxa7 22.h3 Ne8 23.Kh2 f6
24.h4 h6 25.Nf1 Nd8 26.Ne3 g6 27.h5 g5 28.Bh3 Bxh3 29.Kxh3 Qa4 30.Kg2 Nf7
31.g4 Kf8 32.Nc1 Ng7 33.Ne2 Ne8 34.Qb2 Ng7 35.Nc3 Qa8 36.f3 Ne8 37.Kf2 Ng7
38.Nb5 Ne8 39.Qa3 Qxa3 40.Nxa3 Ke7 41.Nb5 Kd7 42.Na7 Ng7 43.Ke2 Nd8 44.Kd3 c6
45.dxc6+ Nxc6 46.Nxc6 Kxc6 47.Nd5 Ne6 48.Nxf6 Nd8 49.Kc3 Kb7 50.Ng8 Nf7 51.Kb3 Ka7
52.Ka4 Ka6 53.Kb3 Kb7 54.Ne7 Kc7 55.Nf5 Kb7 56.Kc3 Kc7 57.Ne3 Kb7 58.Kd3 Kc6
59.Nd1 Nd8 60.Nc3 Nf7 61.Na4 Nd8 62.Nc3 Nf7 63.Nd5 Nd8 64.Ne7+ Kd7 65.Nf5 Nf7
66.Kc3 Kc7 67.Kb3 Kb7 68.Ka4 Ka6 69.Ng7 Nd8 70.Ne8 Nf7 71.Nc7+ Kb7 72.Ne6 Ka6
73.Ng7 Nd8 74.Kb3 Kb7 75.b5 Nf7 76.Kb4 Kc7 77.Nf5 Kd7 78.Ne3 Kc7 79.Nd5+ Kb7
80.Kc3 Ka7 81.Nf6 Kb7 82.Ne8 Kc8 83.Kb4 Kd7 84.Nf6+ Kc7 85.Nd5+ Kb7 86.Nc3 Kc7
87.c5 dxc5+ 88.Kc4 Nd6+ 89.Kd5 Kd7 90.Kxe5 Nf7+ 91.Kf6 Ke8 92.e5 Kf8 93.e6 Nd6
94.e7+ Ke8 95.Ke6 Nc8 96.Nd5 Nxe7 97.Nxe7  1-0

[Event "HUN-ch"]
[Site "?"]
[Date "1989.??.??"]
[Round "?"]
[White "Lukacs, Peter"]
[Black "Schneider, Attila"]
[Result "1/2-1/2"]
[WhiteElo "2465"]
[BlackElo "2390"]

1.d4 Nf6 2.c4 e6 3.Nf3 Bb4+ 4.Bd2 Bxd2+ 5.Qxd2 d5 6.g3 O-O 7.Bg2 Qe7 8.O-O b6
9.cxd5 exd5 10.Nc3 Bb7 11.Ne5 Nbd7 12.Qf4 Rfe8 13.Nc4 Nf8 14.Ne3 Ng6 15.Qf5 Rad8
16.Nexd5 Nxd5 17.Nxd5 Qd6 18.Nc3 Bxg2 19.Kxg2 Qxd4 20.Rad1 Qe5 21.Qf3 c5
22.e3 Qe6 23.h3  1/2-1/2

[Event "JUG-ch"]
[Site "?"]
[Date "1989.??.??"]
[Round "?"]
[White "Barlov, Dragan"]
[Black "Cebalo, Miso"]
[Result "1/2-1/2"]
[WhiteElo "2490"]
[BlackElo "2505"]

1.d4 Nf6 2.c4 e6 3.Nf3 Bb4+ 4.Bd2 c5 5.g3 Qb6 6.Bg2 Nc6 7.d5 exd5 8.cxd5 Nxd5
9.a3 Ba5 10.Bxa5 Qxa5+ 11.Nfd2 Nf6 12.Nc3 d5 13.Nb3 Qb6 14.Na4 Qb5 15.Nbxc5 O-O
16.Qd3 Qxd3 17.Nxd3 Nd4 18.Rd1 Bf5 19.e3 Nb3 20.O-O Rad8 21.Nac5 Nxc5 22.Nxc5 b6
23.Na6 Bg4 24.f3 Bd7 25.Nb4 Bb5 26.Rfe1 g6 27.Rd2 a5 28.Nc2 Rc8 29.Nd4 Ba6
30.g4 h6 31.Kf2 Kg7 32.h4 Rc7 33.Kg3 Re8 34.g5 Ng8 35.Kf4 Ne7 36.Rdd1 Nc6
37.Nxc6 Rxc6 38.Rd2 hxg5+ 39.hxg5 Rc5 40.Bh3 Rc4+ 41.Kg3 Rc5 42.f4 Bc8 43.Bxc8 Rexc8
44.Red1 Rb5 45.Kf3 Rb3 46.Rxd5 Rxb2 47.Rd8 Rxd8 48.Rxd8 a4 49.Ke4 b5 50.Rb8 Rb3
51.Kd4 Rxa3 52.Rxb5 Ra1 53.Ra5 a3 54.Ke5 Ra2 55.e4 Ra1 56.Ra7 Ra2 57.Ra4 Ra1  1/2-1/2

[Event "URS-qual U20"]
[Site "Jurmala"]
[Date "1989.??.??"]
[Round "?"]
[White "Sherbakov, Ruslan"]
[Black "Ulibin, Mikhail"]
[Result "1/2-1/2"]
[WhiteElo "2350"]
[BlackElo "2445"]

1.d4 e6 2.Nf3 Nf6 3.c4 Bb4+ 4.Bd2 Qe7 5.g3 Nc6 6.Nc3 O-O 7.Bg2 Bxc3 8.Bxc3 Ne4
9.Rc1 d6 10.d5 Nd8 11.O-O e5 12.Nd2 Nxc3 13.Rxc3 b6 14.b4 a5 15.a3 axb4 16.axb4 f5
17.Qc2 Nf7 18.Rc1 e4 19.Nb3 Qf6 20.Qd2 Ra4  1/2-1/2

[Event "Karvina op"]
[Site "Karvina"]
[Date "1989.??.??"]
[Round "4"]
[White "Sykora, Robert"]
[Black "Chmiel, Pavel"]
[Result "0-1"]
[WhiteElo "2220"]
[BlackElo "2240"]

1.d4 Nf6 2.c4 e6 3.Nf3 Bb4+ 4.Bd2 Qe7 5.g3 O-O 6.Bg2 a5 7.O-O Bxd2 8.Qxd2 d6
9.Nc3 Nc6 10.e4 e5 11.d5 Nb4 12.Rae1 h6 13.Nh4 Nh7 14.h3 b6 15.Kh2 Na6 16.Bf3 Qg5
17.Qd1 g6 18.Ng2 f5 19.h4 Qf6 20.Ne3 Nc5 21.exf5 gxf5 22.Bh5 e4 23.f4 Nd3
24.Re2 Nxb2 25.Rxb2 Qxc3 26.Rb3 Qf6 27.Qe1 a4 28.Rb1 Kh8 29.g4 fxg4 30.Bxg4 Rg8
31.Bxc8 Raxc8 32.Qf2 Rcf8 33.Rbe1 Qf7 34.f5 Qh5 35.Qb2+ Nf6 36.Rf4 Kh7 37.Rg1 Rxg1
38.Kxg1 a3 39.Qf2 Rg8+ 40.Kh2 Qe8 41.Kh3 h5 42.Nd1 Qe5 43.Qe3 b5 44.Nf2 bxc4
45.Nxe4 Nxd5 46.Ng5+ Rxg5  0-1

[Event "Karvina op"]
[Site "Karvina"]
[Date "1989.??.??"]
[Round "9"]
[White "Sykora, Robert"]
[Black "Hosticka, Frantisek"]
[Result "1-0"]
[WhiteElo "2220"]
[BlackElo "2235"]

1.d4 Nf6 2.c4 e6 3.Nf3 Bb4+ 4.Bd2 Bxd2+ 5.Qxd2 d6 6.g3 O-O 7.Bg2 Qe7 8.O-O e5
9.d5 Re8 10.Nc3 e4 11.Nd4 e3 12.fxe3 Qxe3+ 13.Qxe3 Rxe3 14.Rf4 Re7 15.Raf1 Na6
16.a3 Ng4 17.Re4 Re5 18.Nd1 Rxe4 19.Bxe4 Nc5 20.Bf3 a6 21.b4 Na4 22.Bxg4 Bxg4
23.Ne3 Bd7 24.Rc1 b6 25.Kf2 g6 26.Nb3 Rb8 27.Nc2 Kg7 28.Ncd4 Kf6 29.e4 Nc5
30.Ke3 Nxb3 31.Rf1+ Ke7 32.Nxb3 a5 33.bxa5 bxa5 34.Rb1 Kf6 35.Kf4 g5+ 36.Ke3 Ke5
37.Nd2 Rxb1 38.Nxb1 Ba4 39.Kd3 Bd1 40.Nc3 Bf3 41.Ke3 Bg2 42.Nb5 Bxe4 43.Nd4 h5
44.Nc6+ Kf5 45.Nxa5 Bc2 46.h3 Kg6 47.Nc6 f5 48.Nd4 Ba4 49.Nb5 Kf6 50.Nxc7 Bb3
51.Kd3 h4 52.gxh4 gxh4 53.Ne6 Ke5 54.Nd4 Bd1 55.Nc6+ Kf4 56.c5 Bh5 57.cxd6 Be8
58.a4 Kg3 59.a5 f4 60.Ne5 Kxh3 61.a6 Bb5+ 62.Nc4 Bxa6 63.d7  1-0

[Event "Kecskemet"]
[Site "Kecskemet"]
[Date "1989.??.??"]
[Round "?"]
[White "Petran, Pal"]
[Black "Delanoy, Arnaud"]
[Result "1/2-1/2"]
[WhiteElo "2455"]
[BlackElo "2340"]

1.d4 e6 2.c4 Nf6 3.Nf3 Bb4+ 4.Bd2 Qe7 5.g3 b6 6.Bg2 Bb7 7.O-O Bxd2 8.Nbxd2 c5
9.dxc5 bxc5 10.Qc2 Nc6 11.Rad1 O-O 12.Rfe1 Rab8 13.b3 d6 14.Nb1 Rfd8 15.Nc3 a6
16.e3 Ng4 17.Qe2 Nf6 18.Rd2 Nb4 19.Red1 Ne4 20.Nxe4 Bxe4 21.Ne1 Bxg2 22.Kxg2 h6
23.Nd3 a5 24.Qf3 Rbc8 25.Nxb4 axb4 26.e4 e5 27.Rd5 Ra8 28.R1d2 Ra6 29.h4 Rda8
30.Qe2 Kh7 31.h5 Qf6 32.Qd3 Qe7 33.Qf3 Kg8 34.Qf5 Rxa2 35.Rxd6 Rxd2 36.Rxd2 Qe6
37.Rd5 Qxf5 38.exf5 Ra3 39.Rxe5 Rxb3 40.Rxc5 Rc3 41.Rc8+ Kh7 42.Kf1 Rc2 43.Kg2 b3  1/2-1/2

[Event "Vidmar mem"]
[Site "Ljublana Portoroz"]
[Date "1989.??.??"]
[Round "?"]
[White "Lobron, Eric"]
[Black "Bischoff, Klaus"]
[Result "1/2-1/2"]
[WhiteElo "2555"]
[BlackElo "2505"]

1.d4 Nf6 2.Nf3 e6 3.c4 Bb4+ 4.Bd2 Qe7 5.g3 Nc6 6.Bg2 Bxd2+ 7.Nbxd2 d6 8.O-O O-O
9.Rc1 a5 10.Rc3 e5 11.d5 Nb4 12.Qb1 Na6 13.Ra3 b6 14.Ne1 Bg4 15.f3 Bh5 16.e4 Nd7
17.Nc2 Rfb8 18.Ne3 Nac5 19.Rc1 b5 20.cxb5 Rxb5 21.Bf1 Rbb8 22.Rc2 Qd8 23.Qc1 f6
24.Bh3 Be8 25.Rac3 a4 26.Bg4 Rb5 27.h4 Nb6 28.Nb1 Bd7 29.Bxd7 Nbxd7 30.Na3 Rb4
31.Nac4 Rb5 32.Nf5 g6 33.Nh6+ Kg7 34.h5 Qf8 35.hxg6 hxg6 36.Rh2 Qh8 37.Ne3 Kf8
38.Rcc2 Qg7 39.Nhf5 gxf5 40.Nxf5 Qg8 41.Rh4 Ke8 42.Rg4 Qxg4 43.fxg4 Kd8 44.Rh2 Kc8
45.g5 fxg5 46.Rh8+ Kb7 47.Rxa8 Kxa8 48.Qxg5 Rxb2 49.Qd8+ Kb7 50.Ng7 Nb8 51.Ne8 Nba6
52.Nxc7 Nxc7 53.Qxd6 N7a6 54.Qc6+ Ka7 55.d6 Rxa2 56.Qd5 Ra1+ 57.Kh2 Nd7 58.g4 a3
59.Qb5 Ndc5 60.Qa5 Rd1 61.Qxa3 Nxe4  1/2-1/2

[Event "Lodz"]
[Site "Lodz"]
[Date "1989.??.??"]
[Round "7"]
[White "Praszak, Michal"]
[Black "Bogdanovski, Vlatko"]
[Result "0-1"]
[WhiteElo "2335"]
[BlackElo "2430"]

1.d4 Nf6 2.c4 e6 3.Nf3 Bb4+ 4.Bd2 c5 5.Bxb4 cxb4 6.g3 O-O 7.Bg2 d6 8.O-O Re8
9.Qd3 Nc6 10.Nbd2 e5 11.e4 Nd7 12.d5 Nc5 13.Qc2 Nb8 14.Ne1 Nba6 15.Nb3 Bd7
16.Nxc5 Nxc5 17.Nd3 Qb6 18.Qd2 Nxd3 19.Qxd3 Rac8 20.Rfc1 Rc7 21.Bf1 Rf8 22.Re1 a5
23.Qe3 Qxe3 24.Rxe3 a4 25.Be2 b5 26.cxb5 Rb8 27.f4 f6 28.fxe5 fxe5 29.a3 b3
30.Rc3 Rxc3 31.bxc3 Bxb5 32.Kf2 Bxe2 33.Kxe2 Kf7 34.Kd3 Ke7 35.Rb1 Kd7 36.Kc4 Kc7
37.Rb2 g6 38.Rb1 h6 39.Rb2 h5 40.Rb1 g5 41.Rb2 h4 42.gxh4 gxh4 43.h3 Rb7
44.Rb1 Kb6 45.Kb4 Ka6+ 46.Kxa4 b2 47.c4 Rb8 48.c5 dxc5 49.d6 c4 50.d7 c3
51.d8=Q Rxd8 52.Kb3 Rd3 53.Kc2 Rxh3 54.Rd1 Re3  0-1

[Event "Lugano op"]
[Site "Lugano"]
[Date "1989.??.??"]
[Round "1"]
[White "Ditzler, Juerg"]
[Black "Petursson, Margeir"]
[Result "0-1"]
[WhiteElo "2300"]
[BlackElo "2530"]

1.d4 Nf6 2.Nf3 e6 3.c4 Bb4+ 4.Bd2 c5 5.Bxb4 cxb4 6.a3 bxa3 7.Rxa3 O-O 8.Nc3 d6
9.e3 b6 10.Bd3 Bb7 11.Qb1 Nbd7 12.Ne4 Nxe4 13.Bxe4 Bxe4 14.Qxe4 Qc7 15.O-O Qxc4
16.Qb7 Nf6 17.Rxa7 Rxa7 18.Qxa7 Qb3 19.Qc7 Ne4 20.Qc6 f5 21.h4 h6 22.Qd7 Kh7
23.g3 Rf6 24.h5 Qd5 25.Nh4 f4 26.Qe8 fxg3 27.Ng6 gxf2+ 28.Rxf2 Qxh5 29.Nf8+ Rxf8
30.Qxh5 Nxf2 31.Qb5 d5 32.Qxb6 Rf6 33.b4 Ng4 34.e4 h5 35.exd5 exd5 36.Qd8 h4
37.Qxd5 Rf1+  0-1

[Event "Lugano op"]
[Site "Lugano"]
[Date "1989.??.??"]
[Round "5"]
[White "Douven, Rudy C"]
[Black "Hort, Vlastimil"]
[Result "1/2-1/2"]
[WhiteElo "2445"]
[BlackElo "2580"]

1.d4 Nf6 2.c4 e6 3.Nf3 Bb4+ 4.Bd2 a5 5.g3 d6 6.Bg2 Nbd7 7.O-O e5 8.e3 Bxd2
9.Qxd2 O-O 10.Nc3 c6 11.Rad1 Qe7 12.dxe5 dxe5 13.Qd6 Qxd6 14.Rxd6 Re8 15.Na4 Ne4
16.Rdd1 f6 17.Nd2 Nec5 18.Nxc5 Nxc5 19.Ne4 Nxe4 20.Bxe4 Be6 21.Bd3 Red8 22.Be2 Kf7
23.f3 Ke7 24.Kf2 Rd6 25.a3 Rad8 26.Rxd6 Rxd6 27.Rb1 f5 28.f4 Kf6 29.Ke1 exf4
30.gxf4 g5 31.fxg5+ Kxg5 32.b4 axb4 33.Rxb4 Bc8 34.h4+ Kf6 35.Ra4 Ke5 36.Ra8 Be6
37.Re8 Kf6 38.Rb8 Rd7 39.Re8 Re7 40.Rxe7 Kxe7 41.c5 Kf6 42.Kf2 Ke5 43.Bd3 Kd5
44.Kf3 Kxc5 45.Kf4 Kd6 46.Bxf5 Bxf5 47.Kxf5 c5 48.e4 c4 49.e5+ Ke7 50.Ke4 b5
51.h5 Kf7 52.Kd4 Ke6 53.Ke4 h6 54.Kd4 Kf5 55.Kd5 c3 56.e6 Kf6 57.Kd6 c2 58.e7 c1=Q
59.e8=Q Qxa3+ 60.Kc6 Qd3 61.Kb6 Kg5 62.Qe5+ Kg4 63.Qe6+ Kg5 64.Qe5+ Kh4 65.Ka5 Qd7
66.Qh2+ Kg5 67.Qe5+ Kg4 68.Qe2+ Kf4 69.Qxb5 Qd8+ 70.Kb4 Qd2+ 71.Kb3 Kg4 72.Qe5 Qd3+
73.Kb2 Qd2+  1/2-1/2

[Event "Mendrisio op"]
[Site "Mendrisio"]
[Date "1989.??.??"]
[Round "4"]
[White "Cvitan, Ognjen"]
[Black "Mantovani, Renzo"]
[Result "1-0"]
[WhiteElo "2515"]
[BlackElo "2370"]

1.d4 Nf6 2.c4 e6 3.Nf3 Bb4+ 4.Bd2 c5 5.Bxb4 cxb4 6.e3 O-O 7.Be2 d5 8.Nbd2 b6
9.O-O Bb7 10.Rc1 Qe7 11.cxd5 Bxd5 12.Qa4 a5 13.Ne5 Qb7 14.f3 Nfd7 15.Nxd7 Qxd7
16.Qxd7 Nxd7 17.Bb5 Ra7 18.b3 Rd8 19.e4 Ba8 20.Rc2 Nf6 21.Kf2 Ne8 22.Bxe8 Rxe8
23.Rfc1 Kf8 24.Nc4 Rb8 25.Nd6 Rd7 26.Rc8+ Rd8 27.Rxb8 Rxb8 28.Rc7 f5 29.Ke3 fxe4
30.fxe4 Rd8 31.Nf7 Re8 32.Nd6 Rd8 33.Nc4 b5 34.Nxa5  1-0

[Event "Montpellier-A"]
[Site "Montpellier"]
[Date "1989.??.??"]
[Round "?"]
[White "Farago, Ivan"]
[Black "Levacic, Damir"]
[Result "0-1"]
[WhiteElo "2495"]
[BlackElo "2340"]

1.d4 Nf6 2.Nf3 e6 3.c4 Bb4+ 4.Bd2 a5 5.g3 d6 6.Bg2 Nbd7 7.O-O e5 8.e3 Bxd2
9.Qxd2 O-O 10.Nc3 Qe7 11.Rfd1 Nb6 12.c5 dxc5 13.Nxe5 cxd4 14.exd4 c6 15.Qg5 h6
16.Qh4 Be6 17.Ne4 Rfd8 18.Nc5 Bd5 19.Ng4 Rd6 20.Ne3 Be6 21.Re1 Qf8 22.Qf4 Bc8
23.Rad1 Nbd5 24.Nxd5 Nxd5 25.Bxd5 Rxd5 26.Qc7 Bg4 27.Rd2 Re8 28.Rc1 Qe7 29.Qxa5 Bh3
30.Rdc2 b6 31.Qc3 bxc5 32.dxc5 Rxc5  0-1

[Event "URS-ch sf"]
[Site "Moscow"]
[Date "1989.??.??"]
[Round "?"]
[White "Arbakov, Valentin"]
[Black "Kiselev, Sergey"]
[Result "1/2-1/2"]
[WhiteElo "2400"]
[BlackElo "2445"]

1.d4 Nf6 2.c4 e6 3.Nf3 Bb4+ 4.Bd2 Qe7 5.g3 b6 6.Bg2 Bb7 7.O-O Bxd2 8.Qxd2 d6
9.Nc3 Ne4 10.Nxe4 Bxe4 11.Qe3 Bb7 12.d5 e5 13.Nd2 Nd7 14.f4 O-O 15.f5 Nf6
16.h3 Rac8 17.g4 h6 18.Qd3 c6 19.dxc6 Bxc6 20.Bxc6 Rxc6 21.e4 Rfc8 22.Rf2 a6
23.Re1 b5 24.b3 Rc5 25.Qf3 bxc4 26.Nxc4 Rd8 27.h4 d5 28.exd5 Rcxd5 29.g5 hxg5
30.hxg5 Nh7 31.g6 Nf6 32.gxf7+ Kxf7 33.Qg3 e4 34.Ne3 Rd3 35.Rc1 Kg8 36.Qg5 Qa7
37.Re1 Rc8 38.Rg2 Rc6 39.Kh1 Qc7 40.Reg1 Rd7 41.Qh4 Rf7 42.Nc4 Ne8 43.Rh2 Rff6
44.Qxe4 Nd6 45.Qd5+ Nf7 46.Qd4 Nh6 47.Ne3 Rc1 48.Qd5+ Kh7 49.Qf3 Rxg1+ 50.Kxg1 Qc1+
51.Kf2 Rd6 52.Kg3 Rd3 53.Re2 Rxe3 54.Rxe3 Qxe3 55.Qxe3 Nxf5+ 56.Kf4 Nxe3
57.Kxe3 Kg6 58.b4 Kf6 59.a4 Ke5  1/2-1/2

[Event "URS-sf Moscow-ch"]
[Site "Moscow"]
[Date "1989.??.??"]
[Round "?"]
[White "Glek, Igor V"]
[Black "Kiselev, Sergey"]
[Result "1-0"]
[WhiteElo "2505"]
[BlackElo "2445"]

1.d4 Nf6 2.c4 e6 3.Nf3 Bb4+ 4.Bd2 c5 5.Bxb4 cxb4 6.e3 O-O 7.Be2 d6 8.O-O b6
9.a3 bxa3 10.Rxa3 Nc6 11.Nc3 Nb4 12.Na2 Nxa2 13.Rxa2 Bb7 14.b4 a6 15.Nd2 Qc7
16.Nb3 Nd7 17.Bd3 Rfc8 18.Qb1 h6 19.f4 Qd8 20.e4 Rc7 21.e5 Qe7 22.Nd2 dxe5
23.fxe5 Qg5 24.Rf2 Qe3 25.Nb3 Rd8 26.Re2 Qg5 27.Qe1 Nf8 28.Re3 Ng6 29.Rg3 Qe7
30.Qd2 Kh8 31.Rf6 a5 32.Bxg6 fxg6 33.Rfxg6 a4 34.Rxh6+ Kg8 35.Qd3 Qf7 36.Nd2 Qf5
37.Qxf5 exf5 38.Rd6 Ra8 39.Ra3 Ba6 40.Rxa4  1-0